01130nam a2200193Ia 4500001001100000003001000011008004100021040002500062041001300087100004400100245002000144250001100164260008900175300001200264500026000276501011400536520026000650650002600910L871-37858IT-CnALBA170116s9999||||xx |||||||||||||| ||und|| aIT-CnALBAcIT-CnALBA aITALIANO aFEDRO, POETA SCHIAVO LIBERTO DI AUGUSTO 0aFEDRO. FAVOLE.  a1a ed. a BOLOGNAbCAPPELLI LICINIO - EDITORE c1925 [1° Ed.:1925 - Ed.Ling.Originale: 1925] a125 p.  aTESTO TRADUZIONE E NOTE DI FRANZO' V. IL POETA E L'OPERA. TESTO LATINO CON ITALIANO A FRONTE. IL LUPO E L'AGNELLO. LE RANE E IL RE. LA CORNACCHIA E IL PAVONE. IL CANE E LA CARNE IN MEZZO AL FIUME. LE RANE E IL SOLE. LA VOLPE E LA MASCHERA. IL PASSERO CONS aSocietà San Paolo EM - Piazza San Paolo, 14 - 12051 ALBA (CN) (non commercial uses only) ® Copyright 2017 aTESTO TRADUZIONE E NOTE DI FRANZO' V. IL POETA E L'OPERA. TESTO LATINO CON ITALIANO A FRONTE. IL LUPO E L'AGNELLO. LE RANE E IL RE. LA CORNACCHIA E IL PAVONE. IL CANE E LA CARNE IN MEZZO AL FIUME. LE RANE E IL SOLE. LA VOLPE E LA MASCHERA. IL PASSERO CONS aPROSE E POESIA LATINA